Internet, intranet, extranet
Možnosti, ktoré ponúka celosvetová sieť Internetu. Intranet známy ako druh vnútropodnikovej komunikácie. Princípy intranetu. Výhodou intranetu je, že na báze tohto informačného systému môžu pracovať nielen jednotlivé podniky, ale celosvetové firmy so všetkými pobočkami. Získavanie údajov z intranetu...
Guardado en:
| Formato: | Capítulo de libro |
|---|---|
| Lenguaje: | checo |
| Materias: | |
| Etiquetas: |
Sin Etiquetas, Sea el primero en etiquetar este registro!
|
MARC
| LEADER | 00000naa a2200000 4500 | ||
|---|---|---|---|
| 001 | r028252 | ||
| 005 | 20240208073420.4 | ||
| 041 | 0 | |a cze | |
| 044 | |a CZ | ||
| 245 | 1 | 0 | |a Internet, intranet, extranet |
| 520 | |a Možnosti, ktoré ponúka celosvetová sieť Internetu. Intranet známy ako druh vnútropodnikovej komunikácie. Princípy intranetu. Výhodou intranetu je, že na báze tohto informačného systému môžu pracovať nielen jednotlivé podniky, ale celosvetové firmy so všetkými pobočkami. Získavanie údajov z intranetu. Databázový systém Sybase SQL Anywhere Professional 5.5. Pojem extranet ako nový druh modernej komunikácie a hlavný prúd v medzipodnikovej komunikácii v budúcnosti. Konkurenčné výhody internetu, intranetu a extranetu. | ||
| 610 | 2 | 0 | |a internet |
| 610 | 2 | 0 | |a technológie komunikačné |
| 610 | 2 | 0 | |a firmy |
| 610 | 2 | 0 | |a výmena informácií |
| 610 | 2 | 0 | |a siete počítačové |
| 610 | 2 | 0 | |a výhody konkurenčné |
| 610 | 2 | 0 | |a systémy databázové |